[Event "NED-ch U14 Girls"]
[Site "Rotterdam"]
[Date "2016.04.29"]
[Round "1"]
[White "Lindenaar, Katja"]
[Black "Rijken, Heidi"]
[Result "0-1"]
[WhiteElo "419"]
[BlackElo "982"]
[PlyCount "62"]
[EventDate "2016.04.29"]
[EventType "swiss"]
[EventRounds "9"]
[EventCountry "NED"]
[SourceTitle "CBM 172 Extra"]
[Source "ChessBase"]
[SourceDate "2016.06.21"]
[SourceVersion "1"]
[SourceVersionDate "2016.06.21"]
[SourceQuality "1"]

1. e4 e5 2. Nf3 Nc6 3. d4 f6 4. Bc4 Bb4+ 5. c3 Ba5 6. dxe5 Qe7 7. 0-0 Nxe5 8. b3 Nxc4 9. bxc4 d6 10. Ba3 Bg4 11. Re1 Qf7 12. Qd4 Bxf3 13. c5 Qg6 14. g3 0-0-0 15. Qc4 dxc5 16. Nd2 Rxd2 17. Bc1 Rc2 18. Bf4 Qe8 19. Qxc5 Bb6 20. Qf5+ Qd7 21. Red1 Qxf5 22. exf5 Bxd1 23. Rxd1 Rxf2 24. Kh1 Rxa2 25. c4 Ne7 26. Rc1 Re8 27. c5 Ba5 28. c6 Nxc6 29. g4 Ree2 30. g5 fxg5 31. Bxg5 Rxh2+ 0-1